000 00605nam a22001815i 4500
001 170157
003 ES-MaACL
005 20230906214314.0
008 090206q1900 fr |||| | fre d
080 _a782.1
100 1 _aJouy, Etiénne de.
_9137942
245 1 3 _aLa vestale
_b: tragèdie lyrique, en trois actes /
_cpoème de Jouy ; musique de Spontini.
260 _aParis :
_bCostallat & Cie.,
_c[ca. 1900]
300 _a39 p. ;
_c17 cm.
650 4 _aÓperas-
_vLibretos.
_9137584
700 1 _aSpontini, Gaspare.
_9139375
852 4 _aES-MaACL
_j2246-F-17
_z- Biblioteca Jacinto Martínez Lacalle
999 _c170157
_d170157